| 000 | 01027nam a2200241 i 4500 | ||
|---|---|---|---|
| 001 | 41824 | ||
| 003 | ES-MaACL | ||
| 005 | 20251012192025.0 | ||
| 007 | t| | ||
| 008 | 030311m19191932sp ||||1| spa d | ||
| 100 | 1 |
_aCasares Gil, Antonio. _936165 |
|
| 245 | 1 | 0 |
_aBriofitas... hepáticas [musgos parte primera] / _cpor A. Casares-Gil ; [con una nota biográfica y un capítulo de generalidades por A. Caballero Segares]. |
| 260 |
_aMadrid : _bMuseo Nacional de Ciencias Naturales, _c1919-1932 ( _fSuc. de Hernándo) |
||
| 300 |
_a2 v., 5 lám. col. : _bretr. aut. ; _c24 cm. |
||
| 490 | 1 | _aFlora ibérica | |
| 594 | _aPrecede al tít.: Junta para Ampliación de Estudios e Investigaciones Científicas, Instituto Nacional de Ciencias. | ||
| 650 | 4 |
_aBriofitos- _zEspaña. _9169050 |
|
| 700 | 1 |
_aCaballero y Segares, Arturo _933070 |
|
| 710 | 2 |
_aMuseo Nacional de Ciencias Naturales (España) _95897 |
|
| 830 | 0 |
_aFlora ibérica _9229807 |
|
| 852 |
_aES-MaACL _jD-8716-17 _bR.10948 |
||
| 999 |
_c41824 _d41824 |
||